[Event "Mumbai Wealth U13 op 5th"]
[Site "Mumbai"]
[Date "2019.12.30"]
[Round "1"]
[White "Aarav, Ajit Dharmik"]
[Black "Pranav, V."]
[Result "0-1"]
[WhiteElo "1139"]
[BlackElo "2264"]
[PlyCount "74"]
[EventDate "2019.12.30"]
[EventType "swiss"]
[EventRounds "9"]
[EventCountry "IND"]
[SourceTitle "CBM 194 Extra"]
[Source "ChessBase"]
[SourceDate "2020.03.31"]
[SourceVersion "1"]
[SourceVersionDate "2020.03.31"]
[SourceQuality "1"]

1. e4 e5 2. Nf3 Nc6 3. Bb5 a6 4. Ba4 Nf6 5. 0-0 b5 6. Bb3 Bc5 7. h3 0-0 8. Re1 Bb7 9. d3 d5 10. exd5 Nxd5 11. Nxe5 Nxe5 12. Rxe5 Bxf2+ 13. Kh1 Bd4 14. Re2 Qd7 15. Bxd5 Bxd5 16. Kh2 Qd6+ 17. g3 Bf3 18. Qf1 Bxe2 19. Qxe2 Rae8 20. Qf1 Qe5 21. c3 Qe2+ 22. Qg2 Qd1 23. cxd4 Re2 24. Nc3 Rxg2+ 25. Kxg2 Qc2+ 26. Kf3 Re8 27. Be3 Qxb2 28. Rd1 Qxc3 29. Kf2 c5 30. dxc5 Qf6+ 31. Bf4 g5 32. Kf3 gxf4 33. gxf4 Qc6+ 34. Kg3 Re3+ 35. Kh2 Re2+ 36. Kg3 Rg2+ 37. Kh4 Qh6# 0-1